LEADER 01500nam a2200325 u 4500 001 000000032533 003 CaOOAMICUS 005 20070226112249.0 008 971021s1988 fr u000 u fre u 020 $a2850210315 035 $a10773499 040 $aPUL(R)$bita 100 1 $aTournay, Raymond,$cO.P.,$dn. 1912.$0(OLS)http://pul/name/6516 245 10$aVoir et entendre Dieu avec les Psalmes ou La liturgie prophétique du second temple à Jérusalem /$cpar Raymond Jacques Tournay, O.P. 260 $aParis :$bGabalda,$c1988. 300 $a221 p. ;$c25 cm 490 1 $aCahiers de la Revue Biblique ;$v24 500 $aComprende indici. 504 $a"Bibliographie": pp. [189]-209. 730 0 $aBiblia.$pV.T.$lFrancese.$kGruppi, scelte.$0(OLS)http://pul/title/42692 830 0$aCahiers de la Revue Biblique ;$v24.$0(OLS)http://pul/title/13974 850 $aPUL 852 $aPUL$W1$xSL Religione 1$y3$m10(4) F 24$j44832$nBK-PRI$b $qStampati$B44832$CPULBib$Z2$F44832 $H $81 852 $aPUL$W1$xDP1 Fondo Gelio$y54$m3 C 37$j44833$nBK-PRI$b $qFondi$B44833$CPULBib$Z2$F44833 $HPUL0087 $81 941 1 $a8 941 1 $a1 961 $aINV: 59296 996 $6020$a2850210315$9(OLS)http://pul/number/40837 996 $6245$aVoir et entendre Dieu avec les Psalmes ou La liturgie prophétique du second temple à Jérusalem$9(OLS)http://pul/title/44855 996 $6260$aParis :$bGabalda$9(OLS)http://pul/publisher/49544 LEADER 01258nam a2200289 a 4500 001 000000166892 003 CaOOAMICUS 005 20180409093738.0 008 180409s1972 it c u000 u ita r 032 $aLibriCat 040 $aPUL$bita 041 1 $aita$hger 100 1 $aKafka, Franz,$d1883-1924.$0(OLS)http://pul/name/75427 240 10$aAmerika.$lItaliano.$0(OLS)http://pul/title/172680 245 10$aAmerica /$cFranz Kafka ; traduzione di Alberto Spaini ; con una cronologia della vita dell'autore e dei suoi tempi, un'introduzione, un'antologia critica e una bibliografia a cura di Roberto Fertonani. 260 $aMilano :$bArnoldo Mondadori,$c1972. 300 $a361 p. :$britr. ;$c19 cm. 490 1 $aGli Oscar ;$v421 700 1 $aSpaini, Alberto.$0(OLS)http://pul/name/75428 700 1 $aFertonani, Roberto.$0(OLS)http://pul/name/87870 830 0$aOscar Mondadori ;$v421.$0(OLS)http://pul/title/18338 850 $aPUL 852 $aPUL$W1$xDP1 Fondo Dalla Palma$y117$m1 B 97$j151357$qFondi$B194405$CPULBib$Z2$F194405 $HDal160 $81 941 1 $a1 996 $6245$aAmerica$9(OLS)http://pul/title/206672 996 $6260$aMilano :$bArnoldo Mondadori$9(OLS)http://pul/publisher/60431